000 00774nam a2200229Ii 4500
003 JO-AjNU
008 230605s9999||||xx |||||||||||||| ||und||
017 _a2003/15208
020 _a977-01-8835-2
040 _aJO-AjNU
_bara
_erda
_cJO-AjNU
041 _aara
050 1 4 _aPJ7538.A2822 2003
100 3 _aأبوعوف، عبد الرحمن,
_eauthor
_919384
245 0 0 _aفصول في النقد و الأدب
264 3 1 _aالقاهرة:مكتبة الأسرة،2003 ؛ مهرجان القراءة للجميع 2003
300 _a318ص
336 _atext
_btxt
_2rdacontent
337 _aunmediated
_bn
_2rdamedia
338 _avolume
_bnc
_2rdacarrier
490 0 _aسلسلة الدراسات النقدية
650 4 _aالادب العربي - نقد
_919385
999 _aA6388
_c9956
_d9956